Общество и экономика: международный научный и общественно-политический журнал

Opis bibliograficzny
Język:rosyjski
Wydane: Москва, Наука, 1992-2016
Hasła przedmiotowe:
Dostęp online:https://inecon.org/zhurnal-lobshhestvo-i-ekonomikar.html
https://elibrary.ru/title_about.asp?id=8956
Format: MixedMaterials Elektroniczne Książka
KOHA link:https://koha.lib.tpu.ru/cgi-bin/koha/opac-detail.pl?biblionumber=380528

MARC

LEADER 00000nam1a2200000 4500
001 380528
005 20231101062701.0
011 |a 0207-3676 
035 |a (RuTPU)RU\TPU\prd\1657 
035 |a RU\TPU\prd\280 
090 |a 380528 
100 |a 20020219a19929999km y0rusy50 ca 
101 0 |a rus 
102 |a RU 
200 1 |a Общество и экономика  |e международный научный и общественно-политический журнал 
210 |a Москва  |c Наука  |d 1992-2016 
326 |a 12 номеров в год 
469 |0 (RuTPU)RU\TPU\subscr\320 
610 1 |a экономика 
610 1 |a общество 
610 1 |a социология 
610 1 |a экономические науки 
610 1 |a государство 
610 1 |a право 
675 |a 316.32  |v 3 
675 |a 330  |v 3 
801 0 |a RU  |b 63413507  |c 20011210  |g PSBO 
801 2 |a RU  |b 63413507  |c 20220224  |g PSBO 
856 4 |u https://inecon.org/zhurnal-lobshhestvo-i-ekonomikar.html 
856 4 |u https://elibrary.ru/title_about.asp?id=8956 
942 |c CR 
969 |0 001RU\TPU\subscr\320